[Event "Campeonato Brasileiro Amador 2015"]
[Site "Esporte Clube Pinheiros, SÃ£o P"]
[Date "2015.05.01"]
[Round "3.15"]
[White "Schutt, Ricardo De Amorim"]
[Black "Silva, Igor Dos Santos"]
[Result "1/2-1/2"]
[WhiteElo "2111"]
[BlackElo "1912"]
[PlyCount "26"]
[EventDate "2015.04.30"]

1. e4 c5 2. Nf3 Nc6 3. Nc3 g6 4. d4 cxd4 5. Nxd4 Bg7 6. Be3 Nf6 7. Bc4 Qa5 8.
O-O O-O 9. Bb3 d6 10. h3 Qh5 11. Qd3 Bxh3 12. gxh3 Qxh3 13. Nxc6 Qg4+ 1/2-1/2

[Event "Campeonato Brasileiro Amador 2015"]
[Site "Esporte Clube Pinheiros, SÃ£o P"]
[Date "2015.05.01"]
[Round "3.16"]
[White "Tamarozi, Isabelle"]
[Black "Abdalla, Jose Lucas Aurelli"]
[Result "0-1"]
[WhiteElo "1904"]
[BlackElo "2096"]
[PlyCount "96"]
[EventDate "2015.04.30"]

1. e4 c5 2. Nf3 g6 3. d4 cxd4 4. Nxd4 Bg7 5. Nc3 Nc6 6. Be3 Nf6 7. f3 O-O 8.
Qd2 d5 9. O-O-O dxe4 10. Nxc6 Qxd2+ 11. Rxd2 bxc6 12. Nxe4 Nd5 13. Bc5 Re8 14.
c4 Nc7 15. g3 Bf5 16. Be3 a5 17. g4 Bxe4 18. fxe4 Ne6 19. c5 Red8 20. Bc4 Rxd2
21. Kxd2 Bxb2 22. Kc2 Bd4 23. Bxd4 Nxd4+ 24. Kc3 Rd8 25. Rf1 Ne6 26. Bxe6 fxe6
27. Rb1 Kf7 28. g5 e5 29. Rb6 Rd4 30. Rxc6 Rxe4 31. Ra6 a4 32. c6 Ke6 33. c7+
Kd7 34. Rc6 Kc8 35. Rc5 e6 36. a3 Re1 37. Kb4 e4 38. Kxa4 e3 39. Rc2 Rd1 40.
Kb5 Rd2 41. Rc6 e2 42. Rxe6 Kxc7 43. a4 Kd7 44. Re3 Kd6 45. a5 Rd5+ 46. Kb6 Re5
47. Rxe2 Rxe2 48. a6 Rxh2 0-1

[Event "Campeonato Brasileiro Amador 2015"]
[Site "Esporte Clube Pinheiros, SÃ£o P"]
[Date "2015.05.01"]
[Round "3.17"]
[White "Coutinho, Sidnei Bissacot"]
[Black "Vicentin, Marcos Tadeu"]
[Result "1-0"]
[WhiteElo "2078"]
[BlackElo "1909"]
[PlyCount "113"]
[EventDate "2015.04.30"]

1. d4 Nf6 2. c4 c5 3. d5 b5 4. cxb5 a6 5. bxa6 g6 6. Nc3 Bxa6 7. e4 Bxf1 8.
Kxf1 d6 9. g3 Bg7 10. Kg2 O-O 11. Nge2 Nbd7 12. Qc2 Qa5 13. Rb1 Rfb8 14. b3 Ne8
15. Bb2 Nc7 16. h4 h5 17. f4 Nf6 18. Rhf1 Ng4 19. Rf3 Na6 20. a3 Nc7 21. Na4
Bxb2 22. Rxb2 Nb5 23. f5 Nd4 24. Nxd4 cxd4 25. fxg6 f6 26. Qd1 Qxa4 27. bxa4
Rxb2+ 28. Kg1 Rc8 29. Rb3 Ra2 30. Qb1 Rcc2 31. Qxa2 Rxa2 32. a5 Ra1+ 33. Kg2
Ne3+ 34. Kf2 Ra2+ 35. Ke1 Rxa3 36. Rxa3 Nc2+ 37. Kd2 Nxa3 38. Kd3 Nb5 39. Kc4
Nc7 40. g4 hxg4 41. Kxd4 e6 42. dxe6 Nxe6+ 43. Ke3 Kg7 44. h5 Nc7 45. Kf4 d5
46. exd5 Nxd5+ 47. Kxg4 Nc7 48. Kf5 Nd5 49. a6 Ne7+ 50. Kf4 Nc6 51. Ke4 Na7 52.
Kf5 Nb5 53. h6+ Kxh6 54. Kxf6 Nc7 55. a7 Ne8+ 56. Ke7 Nc7 57. Kf7 1-0

[Event "Campeonato Brasileiro Amador 2015"]
[Site "Esporte Clube Pinheiros, SÃ£o P"]
[Date "2015.05.01"]
[Round "3.18"]
[White "Minelli, Fausto"]
[Black "Luz, Arthur Nader"]
[Result "1-0"]
[WhiteElo "1892"]
[BlackElo "2057"]
[PlyCount "145"]
[EventDate "2015.04.30"]

1. Nf3 d5 2. g3 e6 3. Bg2 Nf6 4. O-O c5 5. c3 Nc6 6. d4 Be7 7. Bg5 O-O 8. Nbd2
h6 9. Bxf6 Bxf6 10. e3 b6 11. Re1 Bb7 12. Qb1 Rc8 13. a3 Qe7 14. Ra2 Rfd8 15.
b4 Rb8 16. Rb2 Qc7 17. bxc5 bxc5 18. Qa2 e5 19. Nb3 e4 20. Nfd2 c4 21. Na1 Qa5
22. Reb1 Rd7 23. Bh3 Rc7 24. Rc2 Be7 25. a4 a6 26. Rbb2 Bd6 27. Rc1 Nd8 28. Kg2
g6 29. f3 exf3+ 30. Nxf3 Re7 31. Kf2 f5 32. Bg2 g5 33. Nd2 Kg7 34. Bf3 Bc6 35.
Rxb8 Bxb8 36. Bd1 Qc7 37. Qc2 f4 38. exf4 gxf4 39. Nf1 Be8 40. Qf5 fxg3+ 41.
Kg2 Bg6 42. Qg4 gxh2 43. Bc2 Re6 44. Ng3 Qxg3+ 45. Qxg3 Bxg3 46. Kxg3 Re3+ 47.
Kxh2 Bxc2 48. Rxc2 Re1 49. Rg2+ Kf6 50. Nc2 Rc1 51. Ne3 Ne6 52. Nxd5+ Kf5 53.
Re2 Kg4 54. Rxe6 Rc2+ 55. Kg1 Rc1+ 56. Kf2 h5 57. Rg6+ Kf5 58. Rxa6 h4 59. Rh6
Kg4 60. a5 Rc2+ 61. Ke3 h3 62. a6 Ra2 63. Rg6+ Kh4 64. Nf4 h2 65. Ne2 Kh5 66.
Rg8 Rxa6 67. Rh8+ Rh6 68. Rxh6+ Kxh6 69. Ng3 Kg5 70. Kf3 Kh4 71. d5 Kh3 72. d6
Kh4 73. Kg2 1-0

[Event "Campeonato Brasileiro Amador 2015"]
[Site "Esporte Clube Pinheiros, SÃ£o P"]
[Date "2015.05.01"]
[Round "3.20"]
[White "Pomar, Marcelo Nascimento"]
[Black "Guerra, Filipe Tella"]
[Result "1-0"]
[WhiteElo "2024"]
[BlackElo "1870"]
[PlyCount "83"]
[EventDate "2015.04.30"]

1. e4 c5 2. Nf3 Nc6 3. d4 cxd4 4. Nxd4 e5 5. Nb5 a6 6. Nd6+ Bxd6 7. Qxd6 Qf6 8.
Qa3 Nge7 9. Nc3 O-O 10. Be3 d6 11. O-O-O Nd4 12. Bc4 Bg4 13. f3 Be6 14. Bxe6
fxe6 15. Qxd6 Nec6 16. h4 Qd8 17. Qxd8 Raxd8 18. Rd2 b5 19. Rhd1 Rc8 20. Ne2
Nxe2+ 21. Rxe2 Na5 22. b3 Rc6 23. Red2 h6 24. h5 g5 25. hxg6 Kg7 26. Rh1 Rh8
27. Rh5 Kxg6 28. Rxe5 Rhc8 29. f4 Nb7 30. f5+ exf5 31. exf5+ Kf6 32. Red5 h5
33. Bd4+ Kg5 34. f6+ Kg6 35. Rd7 R6c7 36. Rg7+ Rxg7 37. fxg7 Kh7 38. Rf2 Rg8
39. Rf5 Nd6 40. Rxh5+ Kg6 41. g4 Ne8 42. Rh8 1-0

[Event "Campeonato Brasileiro Amador 2015"]
[Site "Esporte Clube Pinheiros, SÃ£o P"]
[Date "2015.05.01"]
[Round "3.21"]
[White "Lopes, Marcelo Ferreira"]
[Black "Ferreira Brandet, Rodrigo"]
[Result "1-0"]
[WhiteElo "2004"]
[BlackElo "1856"]
[PlyCount "81"]
[EventDate "2015.04.30"]

1. e4 e5 2. Nf3 Nc6 3. Bb5 a6 4. Ba4 Nf6 5. d3 b5 6. Bb3 Be7 7. O-O O-O 8. h3
d6 9. a3 Be6 10. Bxe6 fxe6 11. Nc3 d5 12. Re1 Bc5 13. Rf1 Qd6 14. Qe2 Nd4 15.
Nxd4 exd4 16. e5 Qd7 17. Nb1 Ne8 18. Nd2 g6 19. Nf3 Ng7 20. Bg5 Nh5 21. Qd2 Rf5
22. Rae1 Raf8 23. Nh2 Nf4 24. Bh6 R8f7 25. Bxf4 Rxf4 26. g3 R4f5 27. Ng4 Bf8
28. Nf6+ R7xf6 29. exf6 e5 30. g4 Rf3 31. Kg2 Rxf6 32. Rxe5 Bd6 33. Ree1 Rf4
34. Qe2 Kg7 35. Qe6 Qd8 36. Re5 Bxe5 37. Qxe5+ Qf6 38. Qxc7+ Kh6 39. f3 Qf7 40.
Qe5 Rf6 41. g5+ 1-0

[Event "Campeonato Brasileiro Amador 2015"]
[Site "Esporte Clube Pinheiros, São "]
[Date "2015.05.01"]
[Round "3.22"]
[White "Ribeiro, Allysson"]
[Black "Miquelin, Nicolas Seoane"]
[Result "0-1"]
[WhiteElo "1861"]
[BlackElo "2000"]
[PlyCount "87"]
[EventDate "2015.04.30"]

1. d4 Nf6 2. c4 e6 3. Nc3 Bb4 4. e3 b6 5. Bd3 Bb7 6. f3 c5 7. Nge2 cxd4 8. exd4
O-O 9. O-O d5 10. cxd5 Nxd5 11. Nxd5 Bxd5 12. f4 g6 13. Be3 Qe7 14. Ng3 f5 15.
Ne2 Nd7 16. a3 Bd6 17. Nc3 Nf6 18. Nb5 Rfc8 19. Bd2 Bc4 20. Bxc4 Rxc4 21. Qb3
Rac8 22. Rac1 Rxc1 23. Rxc1 Rxc1+ 24. Bxc1 Kf7 25. Nc3 Qc7 26. g3 Qc6 27. Qd1
Bxa3 28. Qd3 Bb4 29. Be3 Bxc3 30. bxc3 b5 31. Bc1 a5 32. Ba3 Ne4 33. Bb2 Qc4
34. Qc2 a4 35. g4 Qb3 36. Qe2 a3 37. Bxa3 Qxa3 38. gxf5 Qc1+ 39. Kg2 Qd2 40.
Qxd2 Nxd2 41. fxe6+ Kxe6 42. Kf2 Ne4+ 43. Ke3 Nxc3 44. h4 0-1

[Event "Campeonato Brasileiro Amador 2015"]
[Site "Esporte Clube Pinheiros, SÃ£o P"]
[Date "2015.05.01"]
[Round "3.23"]
[White "Tomic, Marco Di Pillo"]
[Black "Sbrissa Neto, David Antonio"]
[Result "1-0"]
[WhiteElo "2000"]
[BlackElo "1826"]
[PlyCount "111"]
[EventDate "2015.04.30"]

1. d4 d5 2. c4 c6 3. Nc3 Nf6 4. Nf3 e6 5. Bg5 Be7 6. e3 h6 7. Bh4 O-O 8. Rc1
Nbd7 9. cxd5 exd5 10. Bd3 Ne4 11. Bxe7 Qxe7 12. O-O Ndf6 13. Qc2 Nxc3 14. Qxc3
Ne4 15. Qc2 Re8 16. a3 Bd7 17. Ne5 Rac8 18. b4 Nf6 19. a4 a6 20. Qb1 Be6 21.
Rc5 Nd7 22. Nxd7 Bxd7 23. Rfc1 Qe6 24. Qc2 b5 25. Ra1 Ra8 26. Qa2 f5 27. g3 g5
28. axb5 axb5 29. Qxa8 Rxa8 30. Rxa8+ Kg7 31. Rc1 f4 32. exf4 gxf4 33. Ra7 fxg3
34. hxg3 Kf6 35. Ra6 Kg5 36. Bxb5 Qe7 37. Bxc6 Bxc6 38. Rcxc6 Qe1+ 39. Kg2 Qe4+
40. Kh2 Qxd4 41. Rg6+ Kf5 42. Raf6+ Ke5 43. Re6+ Kf5 44. Rgf6+ Kg5 45. Rf4 Qd2
46. Re8 Kg6 47. Rg8+ Kh7 48. Rgg4 d4 49. b5 d3 50. Rf7+ Kh8 51. b6 Qb2 52. b7
d2 53. Rf8+ Kh7 54. Rf7+ Kh8 55. Ra4 Kg8 56. Rd7 1-0

[Event "Campeonato Brasileiro Amador 2015"]
[Site "Esporte Clube Pinheiros, São "]
[Date "2015.05.01"]
[Round "3.24"]
[White "Dias, Joao Batista"]
[Black "Carvalho Jr, Celestino"]
[Result "1-0"]
[WhiteElo "1824"]
[BlackElo "1997"]
[PlyCount "77"]
[EventDate "2015.04.30"]

1. e4 e5 2. Nf3 Nc6 3. d4 exd4 4. Nxd4 Bc5 5. Nb3 Bb6 6. Bd3 Nf6 7. O-O d6 8.
Bg5 h6 9. Bh4 Ne5 10. Nc3 Ng6 11. Bxf6 Qxf6 12. Nd5 Qxb2 13. a4 c6 14. a5 Bd8
15. Rb1 Qa3 16. Ra1 Qb2 17. Rb1 Qa2 18. Ra1 Qb2 19. Rb1 Qxb1 20. Qxb1 cxd5 21.
exd5 O-O 22. Qc1 Bf6 23. f4 Bd7 24. Qa3 Rfd8 25. Qb4 Rab8 26. g3 b5 27. Ra1 Bh3
28. Nd4 Bxd4+ 29. Qxd4 Rd7 30. a6 Ne7 31. Rb1 Nf5 32. Qb4 Rb6 33. Bxb5 Rc7 34.
c4 Nd4 35. Qa5 Bf5 36. Rb2 Rc5 37. Kf2 Bd7 38. Qxb6 axb6 39. a7 1-0

[Event "Campeonato Brasileiro Amador 2015"]
[Site "Esporte Clube Pinheiros, SÃ£o P"]
[Date "2015.05.01"]
[Round "3.25"]
[White "Brassoloto, Adan"]
[Black "Awoki, Daniel Teidi"]
[Result "0-1"]
[WhiteElo "1820"]
[BlackElo "1993"]
[PlyCount "80"]
[EventDate "2015.04.30"]

1. c4 e5 2. g3 Nf6 3. Bg2 d5 4. cxd5 Nxd5 5. Nc3 Be6 6. Nf3 Nc6 7. d3 Be7 8.
Bd2 Nb6 9. O-O O-O 10. Rc1 f5 11. a4 Bf6 12. Be3 Nd4 13. Bxd4 exd4 14. Nb5 c6
15. Na3 Qe7 16. a5 Nd5 17. Nc4 Bf7 18. Re1 b5 19. axb6 axb6 20. Nxb6 Nxb6 21.
Rxc6 Nd5 22. Qc1 Rab8 23. h4 Qb4 24. Ng5 Bxg5 25. hxg5 Qxb2 26. g6 hxg6 27. Qg5
Nf6 28. Bf3 Qa2 29. Qc1 Rfe8 30. Rc2 Qb3 31. Kg2 Bd5 32. Rh1 Bxf3+ 33. exf3
Qxd3 34. Rc7 Rb3 35. Qf4 Nh5 36. Rxh5 gxh5 37. Rxg7+ Kxg7 38. Qg5+ Kf7 39.
Qxh5+ Ke7 40. Qg5+ Kd7 0-1

[Event "Campeonato Brasileiro Amador 2015"]
[Site "Esporte Clube Pinheiros, SÃ£o P"]
[Date "2015.05.01"]
[Round "3.26"]
[White "Batista, Francisco Klemberg M"]
[Black "Budde, Vinicius Chemale"]
[Result "1/2-1/2"]
[WhiteElo "1748"]
[BlackElo "1988"]
[PlyCount "90"]
[EventDate "2015.04.30"]

1. e4 c5 2. Nf3 d6 3. d4 cxd4 4. Nxd4 Nf6 5. Nc3 a6 6. Bg5 e6 7. f4 Be7 8. Qf3
Qc7 9. O-O-O Nbd7 10. g4 h6 11. Bxf6 Bxf6 12. h4 Rb8 13. g5 hxg5 14. hxg5 Rxh1
15. Qxh1 Be7 16. g6 Nf6 17. Qh8+ Bf8 18. gxf7+ Kxf7 19. f5 exf5 20. exf5 Bd7
21. Ne6 Bxe6 22. fxe6+ Kxe6 23. Bh3+ Kf7 24. Nd5 Qc5 25. Nxf6 Qg5+ 26. Kb1 gxf6
27. Qh7+ Bg7 28. Qe4 Qe5 29. Qc4+ Kf8 30. a3 Rd8 31. Be6 f5 32. Qb3 b5 33. Rf1
Ke7 34. Bxf5 Rf8 35. Qb4 a5 36. Qh4+ Bf6 37. Qe1 Rb8 38. Qc1 Kd8 39. Bd3 Kc7
40. Re1 Qg5 41. Qxg5 Bxg5 42. Rf1 Be3 43. Rf5 Bc5 44. Rf4 b4 45. axb4 axb4
1/2-1/2

[Event "Campeonato Brasileiro Amador 2015"]
[Site "Esporte Clube Pinheiros, SÃ£o P"]
[Date "2015.05.01"]
[Round "3.27"]
[White "Silva, Janderson Rossi Da"]
[Black "Lima, Eduardo Augusto Fabr"]
[Result "0-1"]
[WhiteElo "1810"]
[BlackElo "1975"]
[PlyCount "68"]
[EventDate "2015.04.30"]

1. b4 e6 2. Bb2 Nf6 3. b5 a6 4. a4 axb5 5. axb5 Rxa1 6. Bxa1 b6 7. Nf3 Bb7 8.
e3 Be7 9. Be2 O-O 10. O-O d5 11. c4 c6 12. bxc6 Nxc6 13. d4 dxc4 14. Bxc4 Na5
15. Be2 Ne4 16. Nbd2 Qc7 17. Nxe4 Bxe4 18. Ne5 Bc2 19. Qc1 Nb3 20. Qb2 Ra8 21.
Bf3 Rxa1 22. Rxa1 Nxa1 23. Qxa1 f6 24. Qa8+ Bf8 25. Nc6 Bb3 26. Qe8 Bc4 27. g4
b5 28. Be4 Qd6 29. h4 b4 30. h5 Bd5 31. Bxd5 exd5 32. Nd8 b3 33. Qf7+ Kh8 34.
Ne6 Qe7 0-1

[Event "Campeonato Brasileiro Amador 2015"]
[Site "Esporte Clube Pinheiros, São "]
[Date "2015.05.01"]
[Round "3.28"]
[White "Benitez, Ed Carlos Leite Luq"]
[Black "De Jesus Pinto, Aline Cristina"]
[Result "1-0"]
[WhiteElo "1974"]
[BlackElo "1823"]
[PlyCount "113"]
[EventDate "2015.04.30"]

1. e4 c5 2. Nf3 Nc6 3. d4 cxd4 4. Nxd4 Nf6 5. Nc3 g6 6. Be3 Bg7 7. Bc4 Na5 8.
Be2 d6 9. f3 a6 10. g4 b5 11. g5 Nd7 12. Qd2 Bb7 13. h4 Nc4 14. Bxc4 bxc4 15.
h5 Nc5 16. h6 Bxd4 17. Qxd4 e5 18. Qxc4 Rc8 19. Nd5 Bxd5 20. Qxd5 Qa5+ 21. Bd2
Qb6 22. O-O-O Na4 23. Qb3 Qxb3 24. axb3 Nc5 25. Bc3 Ke7 26. Kb1 Rhf8 27. Rd5 f6
28. Rhd1 Rc6 29. f4 Nxe4 30. gxf6+ Nxf6 31. Rxd6 Rxd6 32. Bb4 Ke6 33. Rxd6+ Kf5
34. Rxa6 Rf7 35. fxe5 Kxe5 36. Bc3+ Kf5 37. Rxf6+ Rxf6 38. Bxf6 Kxf6 39. Kc1
Ke5 40. b4 Kd5 41. Kd2 Kc4 42. c3 Kb5 43. b3 Kb6 44. c4 Kc6 45. Ke3 Kb6 46. Kf4
Kc6 47. b5+ Kc5 48. b4+ Kb6 49. Kg5 Kb7 50. c5 Kc7 51. b6+ Kc6 52. b5+ Kb7 53.
Kf6 Ka8 54. c6 Kb8 55. b7 Kc7 56. Ke6 Kb8 57. Kd7 1-0

[Event "Campeonato Brasileiro Amador 2015"]
[Site "Esporte Clube Pinheiros, São "]
[Date "2015.05.01"]
[Round "3.29"]
[White "Da Silva Junior, Sediney Mari"]
[Black "Dias, Marcelo De Souza"]
[Result "1-0"]
[WhiteElo "1970"]
[BlackElo "1816"]
[PlyCount "139"]
[EventDate "2015.04.30"]

1. e4 g6 2. d4 Bg7 3. Nf3 c5 4. c3 cxd4 5. cxd4 d5 6. exd5 Nf6 7. Nc3 O-O 8.
Bc4 Nbd7 9. O-O Nb6 10. Qb3 Bd7 11. Bg5 Rc8 12. Bd3 a5 13. a4 Be8 14. Rfe1 h6
15. Bxf6 Bxf6 16. d6 Qxd6 17. Bxg6 Bxd4 18. Nxd4 Qxd4 19. Rxe7 Qb4 20. Qxb4
axb4 21. Bf5 Rc5 22. Ne4 Rxf5 23. Nd6 Rc5 24. Nxe8 Nxa4 25. Nf6+ Kg7 26. Nd7
Rc7 27. Ree1 Rxd7 28. Rxa4 Rd4 29. g3 Rc8 30. Re2 Rc7 31. Kg2 Rcd7 32. Re5 Rc7
33. Rb5 Rc2 34. b3 Rdd2 35. Rf5 Rd4 36. Ra7 Rc7 37. Rb5 Rdd7 38. Rxb4 f6 39.
Ra8 Rc3 40. Rb8 Rcc7 41. Rg4+ Kh7 42. Rf8 Rf7 43. Rxf7+ Rxf7 44. Kf3 Rc7 45.
Rc4 Re7 46. b4 Kg6 47. h4 h5 48. Rc5 Rd7 49. Ke3 Rd6 50. Rc4 Kh6 51. Rd4 Re6+
52. Kd3 Rc6 53. Rd7 b6 54. Rd4 Rc1 55. Re4 Rf1 56. Rf4 Rd1+ 57. Kc4 Rd6 58. Kb5
Kg6 59. Rc4 Rd2 60. Kxb6 Rxf2 61. Rc3 Rb2 62. b5 Kf5 63. Kc6 Kg4 64. b6 f5 65.
b7 f4 66. gxf4 Kxh4 67. Rc5 Kg4 68. Rg5+ Kxf4 69. Rxh5 Ke4 70. Rb5 1-0

[Event "Campeonato Brasileiro Amador 2015"]
[Site "Esporte Clube Pinheiros, São "]
[Date "2015.05.01"]
[Round "3.30"]
[White "Francelli, Derli"]
[Black "Roverso, Leandro"]
[Result "0-1"]
[WhiteElo "1696"]
[BlackElo "1945"]
[PlyCount "74"]
[EventDate "2015.04.30"]

1. d4 Nf6 2. c4 c5 3. e3 e6 4. Nc3 Be7 5. Nf3 O-O 6. Bd3 d5 7. cxd5 exd5 8.
dxc5 Bxc5 9. O-O Bg4 10. Be2 Nc6 11. a3 a5 12. Qc2 Bd6 13. h3 Bh5 14. Rd1 Rc8
15. Qb3 Bxf3 16. Bxf3 d4 17. Bxc6 dxc3 18. Bd5 c2 19. Rd2 Qe7 20. Qxb7 Qe5 21.
Bxf7+ Kh8 22. Ba2 Qh2+ 23. Kf1 Qh1+ 24. Ke2 Rc7 25. Qf3 Nd7 26. Qd5 Bg3 27. Kd3
Ne5+ 28. Ke4 Qxg2+ 29. Kd4 Rd7 30. fxg3 Rxd5+ 31. Bxd5 Qxg3 32. Rxc2 Nf3+ 33.
Bxf3 Qxf3 34. Rc5 Qd1+ 35. Kc3 a4 36. e4 Rd8 37. Rd5 Rc8+ 0-1

[Event "Campeonato Brasileiro Amador 2015"]
[Site "Esporte Clube Pinheiros, SÃ£o P"]
[Date "2015.05.01"]
[Round "3.31"]
[White "Maia, Jonathan Cesar"]
[Black "Caris, Eduardo"]
[Result "1/2-1/2"]
[WhiteElo "1940"]
[BlackElo "1813"]
[PlyCount "118"]
[EventDate "2015.04.30"]

1. b3 d5 2. Bb2 c5 3. e3 Nc6 4. Bb5 Bd7 5. Nf3 Nf6 6. O-O e6 7. c4 dxc4 8. bxc4
Be7 9. d4 a6 10. Bxc6 Bxc6 11. Ne5 Rc8 12. Nxc6 Rxc6 13. Qb3 Qb6 14. Rd1 cxd4
15. exd4 O-O 16. Nc3 Qxb3 17. axb3 Rb6 18. Ba3 Bxa3 19. Rxa3 Rd8 20. f3 Rbd6
21. Ne2 Rb6 22. Kf2 Kf8 23. Nc3 Ke7 24. Ke3 g5 25. Na4 Rc6 26. Rd3 Nd7 27. g4
h5 28. h3 Nf8 29. Nc5 Rc7 30. Ra2 h4 31. Ne4 f6 32. f4 gxf4+ 33. Kxf4 e5+ 34.
Ke3 Rxd4 35. Rxd4 exd4+ 36. Kxd4 Ne6+ 37. Ke3 Nc5 38. Nxc5 Rxc5 39. Kd4 Re5 40.
Rf2 Ke6 41. Rf4 Ra5 42. Re4+ Kd7 43. Rf4 Ke6 44. Re4+ Kd7 45. Re3 Ra1 46. Ke4
Ke6 47. Kf4+ Kf7 48. Rf3 Rg1 49. Rd3 Ke7 50. Rf3 Ke6 51. Re3+ Kf7 52. Ke4 Rg2
53. Kd4 Rg3 54. Ke4 Rg1 55. Kd4 Rg2 56. Ke4 Rg1 57. Kf3 Rh1 58. Kg2 Rb1 59. Kf3
Rh1 1/2-1/2

[Event "Campeonato Brasileiro Amador 2015"]
[Site "Esporte Clube Pinheiros, SÃ£o P"]
[Date "2015.05.01"]
[Round "3.32"]
[White "Das Chagas, David Ferreira"]
[Black "Lunelli, Neuri Antonio"]
[Result "1-0"]
[WhiteElo "1940"]
[BlackElo "1808"]
[PlyCount "97"]
[EventDate "2015.04.30"]

1. c4 Nf6 2. d4 d6 3. f3 Nbd7 4. e4 e5 5. d5 g6 6. Bd3 Bg7 7. Ne2 Nc5 8. Bc2 a5
9. Nbc3 O-O 10. h4 Ne8 11. g4 f5 12. gxf5 gxf5 13. Bg5 Qd7 14. exf5 Rxf5 15.
Bxf5 Qxf5 16. Ng3 Qg6 17. Nce4 Nxe4 18. Nxe4 Bf5 19. h5 Qf7 20. Qe2 h6 21. Bd2
Nf6 22. Ng3 Bh7 23. O-O-O Nd7 24. Rdg1 Kh8 25. Ne4 Qf5 26. Qg2 Rg8 27. Qh3 Qf7
28. Rg3 b6 29. Qe6 Rf8 30. Rhg1 Bf5 31. Qxf7 Rxf7 32. Be3 Kh7 33. Kd2 Nf6 34.
Nxf6+ Bxf6 35. a3 Bh4 36. Rg6 Bg5 37. Bxg5 Bxg6 38. hxg6+ Kxg6 39. Be3+ Kh7 40.
Ke2 Rf5 41. Rh1 Rf6 42. Rh3 Rg6 43. Kd3 Rf6 44. b4 axb4 45. axb4 Kg7 46. Ke4
Kh7 47. f4 exf4 48. Bxf4 Rg6 49. Kf5 1-0

[Event "Campeonato Brasileiro Amador 2015"]
[Site "Esporte Clube Pinheiros, São "]
[Date "2015.05.01"]
[Round "3.33"]
[White "Teshima, Ricardo Yoshida"]
[Black "Dos Reis, Leandro Aparecido C"]
[Result "0-1"]
[WhiteElo "1690"]
[BlackElo "1940"]
[PlyCount "74"]
[EventDate "2015.04.30"]

1. Nf3 Nf6 2. b3 b6 3. Bb2 Bb7 4. e3 e6 5. Be2 c5 6. c4 d5 7. d3 Nc6 8. Nbd2
Be7 9. O-O O-O 10. Ne5 Nxe5 11. Bxe5 Nd7 12. Bb2 Bf6 13. Qc2 Rc8 14. Bf3 Ne5
15. Rac1 Qe7 16. Qb1 Rfd8 17. d4 cxd4 18. Bxd4 Nxf3+ 19. Nxf3 dxc4 20. Qa1 Bxf3
21. gxf3 Bxd4 22. exd4 cxb3 23. axb3 Rxc1 24. Rxc1 Qf6 25. Rc7 a5 26. Qc3 h6
27. Rb7 Rxd4 28. Rb8+ Kh7 29. Qc2+ g6 30. Rxb6 Qxf3 31. h3 Rd1+ 32. Qxd1 Qxd1+
33. Kg2 Qd5+ 34. Kg1 h5 35. h4 Qd4 36. Rb7 Qg4+ 37. Kf1 Qd1+ 0-1

[Event "Campeonato Brasileiro Amador 2015"]
[Site "Esporte Clube Pinheiros, São "]
[Date "2015.05.01"]
[Round "3.34"]
[White "Herbst Neto, Eugenio"]
[Black "Venelli, Luiz Gonzaga"]
[Result "1/2-1/2"]
[WhiteElo "1938"]
[BlackElo "1806"]
[PlyCount "52"]
[EventDate "2015.04.30"]

1. Nf3 d6 2. g3 e5 3. d3 Nc6 4. Bg2 Be7 5. Nc3 Nf6 6. O-O O-O 7. e4 Bg4 8. h3
Bxf3 9. Bxf3 Nd4 10. Bg2 c5 11. Ne2 Ne6 12. c4 a6 13. a4 Rb8 14. Nc3 Nd4 15.
Be3 Qb6 16. Rb1 h6 17. f4 Nh7 18. Nd5 Qd8 19. b4 Nf6 20. bxc5 Nxd5 21. cxd5
dxc5 22. fxe5 Bg5 23. Qd2 Bxe3+ 24. Qxe3 Qe7 25. Rb6 Qxe5 26. Rf4 f6 1/2-1/2

[Event "Campeonato Brasileiro Amador 2015"]
[Site "Esporte Clube Pinheiros, São "]
[Date "2015.05.01"]
[Round "3.35"]
[White "Sa, Antonio Villar Marq"]
[Black "Coronado, Evandro Jose"]
[Result "1-0"]
[WhiteElo "1938"]
[BlackElo "1787"]
[PlyCount "95"]
[EventDate "2015.04.30"]

1. e4 c5 2. Nf3 Nc6 3. d4 cxd4 4. Nxd4 Nf6 5. Nc3 d6 6. Be2 Qb6 7. Nb3 a6 8.
Be3 Qc7 9. O-O b5 10. f4 g6 11. Nd5 Nxd5 12. exd5 Na5 13. Qd4 f6 14. c3 Bg7 15.
Nd2 O-O 16. a4 Bd7 17. axb5 axb5 18. Ra3 f5 19. Qb6 Qxb6 20. Bxb6 Nb7 21. Rfa1
Rxa3 22. Rxa3 b4 23. Ra7 Bc8 24. cxb4 Nd8 25. Rxe7 Bxb2 26. Nc4 Bf6 27. Ra7 Nf7
28. Kf2 Re8 29. Rxf7 Kxf7 30. Nxd6+ Kf8 31. Nxe8 Kxe8 32. Bb5+ Ke7 33. Bc6 Bd7
34. Ke3 Kd6 35. Bc5+ Kc7 36. b5 Bd8 37. b6+ Kc8 38. b7+ Kb8 39. Bd6+ Bc7 40.
Bxc7+ Kxc7 41. Bxd7 Kxb7 42. Kd4 Kc7 43. Be8 Kd8 44. Bf7 Ke7 45. Bg8 h6 46. Ke5
Kf8 47. Bh7 Kg7 48. d6 1-0

[Event "Campeonato Brasileiro Amador 2015"]
[Site "Esporte Clube Pinheiros, SÃ£o P"]
[Date "2015.05.01"]
[Round "3.37"]
[White "Saito, Helio Tsutomu"]
[Black "Pires Da Silva, Saulo De Tarso"]
[Result "0-1"]
[WhiteElo "1634"]
[BlackElo "1925"]
[PlyCount "117"]
[EventDate "2015.04.30"]

1. e4 c5 2. Nf3 Nc6 3. d4 cxd4 4. Nxd4 Nf6 5. Nc3 e5 6. Ndb5 d6 7. Bg5 a6 8.
Bxf6 gxf6 9. Na3 f5 10. exf5 Bxf5 11. Bd3 Be6 12. Bc4 b5 13. Bxe6 fxe6 14. Qh5+
Kd7 15. Ne4 Qe7 16. c3 d5 17. Rd1 Kc7 18. Ng3 Qg7 19. Nc2 Bc5 20. O-O Raf8 21.
Ne3 Rhg8 22. Qh3 Qg6 23. Rd2 e4 24. Rfd1 Bxe3 25. fxe3 Ne5 26. b3 h5 27. Qh4
Rf7 28. Kh1 Nd3 29. Rf1 Rxf1+ 30. Nxf1 Qf7 31. Kg1 Rg4 32. Qh3 Rg5 33. Ng3 Kd6
34. Qh4 Qg6 35. c4 Kc5 36. cxd5 exd5 37. Qh3 Qf6 38. Qc8+ Kb6 39. Qb8+ Ka5 40.
Qc7+ Qb6 41. Qc3+ b4 42. Qd4 Qxd4 43. exd4 h4 44. Nf1 Kb5 45. Ne3 h3 46. g3 Ne1
47. Rd1 Nf3+ 48. Kh1 Kc6 49. Nc2 a5 50. Ne1 Rf5 51. Nxf3 Rxf3 52. Kg1 Kd6 53.
Rd2 Ke6 54. Rd1 Kf5 55. Rd2 e3 56. Rd1 Ke4 57. Rf1 Rxf1+ 58. Kxf1 Kf3 59. Ke1
0-1

[Event "Campeonato Brasileiro Amador 2015"]
[Site "Esporte Clube Pinheiros, SÃ£o P"]
[Date "2015.05.01"]
[Round "3.39"]
[White "De Moura, Sergio Jovelino"]
[Black "Yoshioka, Andre"]
[Result "1-0"]
[WhiteElo "2147"]
[BlackElo "1754"]
[PlyCount "129"]
[EventDate "2015.04.30"]

1. e4 e5 2. Nf3 Nf6 3. Nxe5 d6 4. Nf3 Nxe4 5. Nc3 Nxc3 6. dxc3 Be7 7. Be3 O-O
8. Qd2 Nc6 9. O-O-O Bg4 10. h3 Bh5 11. Be2 Bg6 12. g4 Re8 13. Kb1 Be4 14. Rhg1
Bf6 15. g5 Be5 16. h4 Bg6 17. h5 Be4 18. h6 g6 19. Nxe5 dxe5 20. Qd7 Bf5 21.
Qxd8 Raxd8 22. Bb5 Be4 23. Be2 a6 24. Bg4 Rxd1+ 25. Rxd1 Rd8 26. Rxd8+ Nxd8 27.
Bc5 Bf5 28. Bf3 e4 29. Be2 Ne6 30. Be7 Nf4 31. Bf1 Bh3 32. Bc4 Be6 33. Bxe6
fxe6 34. Kc1 Nh3 35. Kd2 Nxf2 36. Ke3 Nd1+ 37. Kxe4 Nxb2 38. Bd8 c6 39. Ke5 Kf7
40. Kd6 Na4 41. Bf6 c5 42. Kc7 b5 43. Kb7 a5 44. Ka6 b4 45. cxb4 cxb4 46. Kxa5
Nc5 47. Kxb4 Nd7 48. Bb2 e5 49. a4 Ke6 50. a5 Kd6 51. Kb5 Kc7 52. Bc1 e4 53.
Kc4 Kb7 54. Kd4 Ka6 55. Bd2 e3 56. Bxe3 Kxa5 57. Kd5 Kb4 58. Ke6 Nb8 59. Kf7
Nc6 60. Kg7 Ne7 61. Kxh7 Kc4 62. Bc1 Kd5 63. Ba3 Nf5 64. Kxg6 Nh4+ 65. Kf6 1-0